General chemistry. (Record no. 43953)

MARC details
001 - CONTROL NUMBER
control field 11988055
003 - CONTROL NUMBER IDENTIFIER
control field 0000
005 - DATE AND TIME OF LATEST TRANSACTION
control field 20251030123759.0
008 - FIXED-LENGTH DATA ELEMENTS--GENERAL INFORMATION
fixed length control field 000427s2000 txua 001 0 eng
010 ## - LIBRARY OF CONGRESS CONTROL NUMBER
LC control number 00266145
020 ## - INTERNATIONAL STANDARD BOOK NUMBER
International Standard Book Number 0030212146
035 ## - SYSTEM CONTROL NUMBER
System control number 11988055
040 ## - CATALOGING SOURCE
Original cataloging agency DLC
Transcribing agency DLC
Modifying agency DLC
Description conventions rda
050 00 - LIBRARY OF CONGRESS CALL NUMBER
Classification number QD 31.3 W53
082 00 - DEWEY DECIMAL CLASSIFICATION NUMBER
Classification number 540
Edition number 21
100 1# - MAIN ENTRY--PERSONAL NAME
Personal name Whitten, Kenneth W.
245 10 - TITLE STATEMENT
Title General chemistry.
250 ## - EDITION STATEMENT
Edition statement 6th ed. /
Remainder of edition statement Kenneth W. Whitten, Raymond E. Davis, M. Larry Peck.
264 ## - PUBLICATION, DISTRIBUTION, ETC. (IMPRINT)
Place of publication, distribution, etc Fort Worth :
Name of publisher, distributor, etc Saunders College Pub.,
Date of publication, distribution, etc 2000.
300 ## - PHYSICAL DESCRIPTION
Extent 1 v. (various pagings) :
Other physical details ill. (some col.) ;
Dimensions 27 cm. +
Accompanying material 1 stereo viewer.
336 ## - CONTENT TYPE
Content type term text
Content type code txt
Source rdacontent
337 ## - MEDIA TYPE
Media type term unmediated
Media type code n
Source rdamedia
338 ## - CARRIER TYPE
Carrier type term volume
Carrier type code nc
Source rdacarrier
500 ## - GENERAL NOTE
General note Includes index.
650 #0 - SUBJECT ADDED ENTRY--TOPICAL TERM
Topical term or geographic name as entry element Chemistry.
700 1# - ADDED ENTRY--PERSONAL NAME
Personal name Davis, Raymond E.,
Dates associated with a name 1938-
700 1# - ADDED ENTRY--PERSONAL NAME
Personal name Peck, M. Larry
Fuller form of name (Merlin Larry),
Dates associated with a name 1940-
856 42 - ELECTRONIC LOCATION AND ACCESS
Materials specified Contributor biographical information
Uniform Resource Identifier <a href="http://www.loc.gov/catdir/enhancements/fy1303/00266145-b.html">http://www.loc.gov/catdir/enhancements/fy1303/00266145-b.html</a>
856 42 - ELECTRONIC LOCATION AND ACCESS
Materials specified Publisher description
Uniform Resource Identifier <a href="http://www.loc.gov/catdir/enhancements/fy1303/00266145-d.html">http://www.loc.gov/catdir/enhancements/fy1303/00266145-d.html</a>
856 41 - ELECTRONIC LOCATION AND ACCESS
Materials specified Table of contents only
Uniform Resource Identifier <a href="http://www.loc.gov/catdir/enhancements/fy1303/00266145-t.html">http://www.loc.gov/catdir/enhancements/fy1303/00266145-t.html</a>
906 ## - LOCAL DATA ELEMENT F, LDF (RLIN)
a 7
b cbc
c origcop
d 2
e ncip
f 20
g y-gencatlg
942 ## - ADDED ENTRY ELEMENTS (KOHA)
Source of classification or shelving scheme Library of Congress Classification
Koha item type Books
Holdings
Withdrawn status Lost status Source of classification or shelving scheme Damaged status Not for loan Permanent Location Current Location Date acquired Total Checkouts Full call number Barcode Date last seen Date checked out Price effective from Koha item type
    Library of Congress Classification     NILE UNIVERSITY OF NIGERIA - MAIN LIBRARY NILE UNIVERSITY OF NIGERIA - MAIN LIBRARY 10/30/2025 1 QD 31.3 .W53 2000 0008473 11/13/2025 10/30/2025 10/30/2025 Books